Dictionary of water engineering : (Record no. 27504)
[ view plain ]
| 000 -LEADER | |
|---|---|
| fixed length control field | 01294nam a22003375a 4500 |
| 005 - DATE AND TIME OF LATEST TRANSACTION | |
| control field | 20190601101325.0 |
| 008 - FIXED-LENGTH DATA ELEMENTS--GENERAL INFORMATION | |
| fixed length control field | 190601s1992 le frd 000 0 mul d |
| 040 ## - CATALOGING SOURCE | |
| Original cataloging agency | EG-ScBUE |
| Language of cataloging | eng |
| Transcribing agency | EG-ScBUE |
| Modifying agency | EG-ScBUE |
| 041 0# - LANGUAGE CODE | |
| Language code of text/sound track or separate title | eng |
| -- | fre |
| -- | ara |
| 082 04 - DEWEY DECIMAL CLASSIFICATION NUMBER | |
| Classification number | 627.03 |
| Item number | ABD |
| Edition number | 22 |
| 100 1# - MAIN ENTRY--PERSONAL NAME | |
| Personal name | Abdel-Aziz, Mahmud Fawzi. |
| 245 10 - TITLE STATEMENT | |
| Title | Dictionary of water engineering : |
| Remainder of title | English - French - Arabic / |
| Statement of responsibility, etc | Mahmud Fawzi Abdel-Aziz ; edited and revised by Mohamad Debs and Anwar Abdelwahed. |
| 246 35 - VARYING FORM OF TITLE | |
| Title proper/short title | معجم هندسة المياه : |
| Remainder of title | انكليزي - فرنسي - عربي |
| 250 ## - EDITION STATEMENT | |
| Edition statement | 1st ed. |
| 260 ## - PUBLICATION, DISTRIBUTION, ETC. (IMPRINT) | |
| Place of publication, distribution, etc | Beirut : |
| Name of publisher, distributor, etc | Academia International, |
| Date of publication, distribution, etc | 1992. |
| 300 ## - PHYSICAL DESCRIPTION | |
| Extent | 488 p. ; |
| Dimensions | 24 cm. |
| 490 0# - Series Statement | |
| Series statement | Academic reference dictionaries |
| 500 ## - GENERAL NOTE | |
| General note | Added t.p., introd. and text in Arabic. |
| 500 ## - GENERAL NOTE | |
| General note | Includes indexes. |
| 546 ## - LANGUAGE NOTE | |
| Language note | Text in English, French and Arabic. |
| 650 #7 - SUBJECT ADDED ENTRY--TOPICAL TERM | |
| Topical term or geographic name as entry element | Water |
| Form subdivision | Dictionaries. |
| Source of heading or term | BUEsh |
| 650 #7 - SUBJECT ADDED ENTRY--TOPICAL TERM | |
| Topical term or geographic name as entry element | Water |
| Form subdivision | Dictionaries |
| General subdivision | Polyglot. |
| Source of heading or term | BUEsh |
| 650 #7 - SUBJECT ADDED ENTRY--TOPICAL TERM | |
| Topical term or geographic name as entry element | Hydraulic engineering |
| Form subdivision | Dictionaries. |
| Source of heading or term | BUEsh |
| 650 #7 - SUBJECT ADDED ENTRY--TOPICAL TERM | |
| Topical term or geographic name as entry element | Hydraulic engineering |
| Form subdivision | Dictionaries |
| General subdivision | Polyglot. |
| Source of heading or term | BUEsh |
| 650 #7 - SUBJECT ADDED ENTRY--TOPICAL TERM | |
| Topical term or geographic name as entry element | Water-supply, Rural |
| Form subdivision | Dictionaries. |
| Source of heading or term | BUEsh |
| 651 ## - SUBJECT ADDED ENTRY--GEOGRAPHIC NAME | |
| Source of heading or term | BUEsh |
| 653 ## - INDEX TERM--UNCONTROLLED | |
| Resource For college | Engineering, General |
| Arrived date list | May2019 |
| 700 1# - ADDED ENTRY--PERSONAL NAME | |
| Personal name | Debs, Mohamad, |
| Relator term | editor. |
| 700 1# - ADDED ENTRY--PERSONAL NAME | |
| Personal name | Abdelwahed, Anwar, |
| Relator term | editor. |
| 942 ## - ADDED ENTRY ELEMENTS (KOHA) | |
| Source of classification or shelving scheme | Dewey Decimal Classification |
| Withdrawn status | Item status | Source of classification or shelving scheme | Damaged status | Not for loan | Vendor | Home library | Current library | Shelving location | Date acquired | Source of acquisition | Total Checkouts | Full call number | Barcode | Date last seen | Koha item type |
|---|---|---|---|---|---|---|---|---|---|---|---|---|---|---|---|
| Dewey Decimal Classification | Donation-Gift | Central Library | Central Library | First floor | 01/06/2019 | Donation | 627.03 ABD | 000047899 | 15/07/2025 | Reference (NB) |